| Tag |
First Indicator |
Second Indicator |
Subfields |
| LEADER |
00000cam a22000001 4500 |
| 001 |
in00000050391 |
| 005 |
20151007071818.0 |
| 008 |
720919s1966 paua b 00010 eng |
| 010 |
|
|
|a 66010500
|
| 035 |
|
|
|a (OCoLC)00230672
|
| 035 |
|
|
|9 AAE6684AM
|
| 040 |
|
|
|a DLC
|c DLC
|d ONE
|d TXA
|d UtOrBLW
|
| 049 |
|
|
|a TXAM [Also in] [Med Sci]
|c 1 [455231]
|
| 050 |
0 |
0 |
|a QH581
|b .F3
|
| 082 |
0 |
|
|a 591.8
|
| 092 |
|
|
|a 591.8
|b F278a, 1966
|
| 100 |
1 |
|
|a Fawcett, Don W.
|q (Don Wayne),
|d 1917-2009.
|
| 245 |
1 |
3 |
|a An atlas of fine structure :
|b the cell, its organelles, and inclusions /
|c [by] Don W. Fawcett.
|
| 264 |
|
1 |
|a Philadelphia :
|b W. B. Saunders Co.,
|c 1966.
|
| 300 |
|
|
|a vii, 448 pages :
|b illustrations ;
|c 27 cm.
|
| 336 |
|
|
|a text
|b txt
|2 rdacontent
|
| 337 |
|
|
|a unmediated
|b n
|2 rdamedia
|
| 338 |
|
|
|a volume
|b nc
|2 rdacarrier
|
| 504 |
|
|
|a Includes bibliographies.
|
| 650 |
|
0 |
|a Cytology
|v Atlases.
|
| 740 |
4 |
|
|a The cell, its organelles and inclusions.
|
| 999 |
|
|
|a MARS
|
| 999 |
f |
f |
|s c40d7b69-c633-316d-b6ff-fd4b41969899
|i 06d10dff-348a-3960-b7a3-13a4ef9f92ef
|t 0
|
| 952 |
f |
f |
|p ric
|a Texas A&M University
|b Rellis Campus
|c Joint Library Facility
|d Remote Storage
|t 0
|e QH581 .F3
|h Library of Congress classification
|i unmediated -- volume
|m A14801008812
|
| 998 |
f |
f |
|a QH581 .F3
|t 0
|l Remote Storage
|